EtnobiologÍa de los cofanes de Dureno : (Registro nro. 1939)

Detalles MARC
000 -CABECERA
Campo de control 00933cam a2200241 i 4500
005 - FECHA Y HORA DE LA ULTIMA TRANSACCION
Campo de control 20160119065509.0
008 - ELEMENTOS DE LONGITUD FIJA—INFORMACION GENERAL
Campo de control 960528s1995 ec ab r 00010 spa d
020 ## - ISBN
ISBN 9978041559
040 ## - FUENTE DE CATALOGACIÓN
Agencia catalogadora original la
Agencia transcriptora la
Agencia Modificadora CO-BoIAVH
041 0# - IDIOMA
Código de idioma para texto/pista de sonido o título separado Español
043 ## - GEOGRAPHIC AREA CODE
Geographic area code s-ec---
082 04 - NUMERO DE CLASIFICACION DECIMAL DEWEY
Número de clasificación 581.634
Número del ítem C41e
100 1# - ASIENTO PRINCIPAL--NOMBRE PERSONAL
Nombre personal Cerón MartÍnez, Carlos Eduardo
9 (RLIN) 6432
245 10 - MENCION DE TITULO
Título EtnobiologÍa de los cofanes de Dureno :
Parte restante del título provincia de sucumbÍos, Ecuador /
Mención de responsabilidad CerÓn MartÍnez, Carlos Edudardo ; Editores David A. Naill, Paulina Teran.
260 ## - PUBLICACION, DISTRIBUCION, ETC. (PIE DE IMPRENTA)
Lugar de publicación, distribución, etc. Cayambe :
Nombre del editor, distribuidor, etc. Conservación internacional, Ediciones Abya-Yala,
Fecha de publicación, distribución, etc. 1995.
300 ## - DESCRIPCION FISICA
Extensión 209 p.áginas:
Otros detalles físicos ilustraciones y mapas ;
Dimensiones 21 cm.
490 00 - MENCION DE SERIE
Mención de serie Herbario nacional ;
Designación numérica/secuencial del volumen 3
650 14 - ASIENTO SECUNDARIO DE MATERIA - TERMINO TEMATICO
Término temático o nombre geográfico como elemento de entrada Etnobotánica
Subdivisión geográfica Sucumbíos (Ecuador)
9 (RLIN) 52802
650 24 - ASIENTO SECUNDARIO DE MATERIA - TERMINO TEMATICO
Término temático o nombre geográfico como elemento de entrada Botánica médica
Subdivisión geográfica Sucumbíos (Ecuador)
9 (RLIN) 52803
650 24 - ASIENTO SECUNDARIO DE MATERIA - TERMINO TEMATICO
Término temático o nombre geográfico como elemento de entrada Medicina indígena
Subdivisión geográfica Sucumbíos (Ecuador)
9 (RLIN) 52804
942 ## - ELEMENTOS ADICIONALES (KOHA)
Sistema de clasificación Dewey Decimal Classification
Tipo de ítem Libro
949 ## - LOCAL PROCESSING INFORMATION (OCLC)
a n
b n
Existencias
Withdrawn status Lost status Sistema de Clasificación Damaged status No para préstamo Colección Inventariado Ubicación Permanente Ubicación actual Fecha de adquisición Fuente de Valor Valor Total Checkouts Número topográfico Inventario / Código de Barras Date last seen Ejemplar Price effective from Forma de adquisición Tipo de material
    Dewey Decimal Classification     General Inventariado 2017 Bogotá Bogotá 04/12/2012 Instituto 39000.00   LB-581.634 C41e 014306 04/12/2012 Ej. 1 04/12/2012   Libro